| 000 | 00495nam a2200169 a 4500 | ||
|---|---|---|---|
| 005 | 20140310182408.0 | ||
| 008 | 060802s19uu xx 00 eng d | ||
| 020 | _a1582795681 (pbk) | ||
| 050 |
_aPN 6081 _b.N532 2000 |
||
| 245 | _aThe new international Webster's pocket quotation dictionary of the English language. | ||
| 250 | _aNew rev. ed. | ||
| 260 |
_bTrident Press International, _c2005. |
||
| 300 |
_a318 p. : _c17 cm. |
||
| 650 | _aQuotations. | ||
| 942 |
_cBK _2lcc |
||
| 999 |
_c12783 _d12783 |
||